Responses for Show #7112 - Tuesday, July 14, 2015

Contestants

[<< previous game]

Val Narehood, a theater technician from Tyrone, Pennsylvania

Ben Hemmens, a stay-at-home dad from Falls Church, Virginia

Phil Salathé, a teacher and composer from Rocky Point, New York (whose 1-day cash winnings total $22,600)

[next game >>]

Jeopardy! Round responses

"ORM"Y WEATHER
RAINY SONGS
LET IT SNOW
HAIL!
HURRICANE, TORNADO OR CYCLONE
AT LAST, SUN
    $200 4
hormones

Val
    $200 2
"Purple Rain"

Ben
    $200 27
Washington

Phil
    $200 9
"Hail To The Chief"

Ben
    $200 18
hurricanes

Ben
    $200 14
honey (bear)

Phil
    $400 5
torment

Phil
    $400 3
Rihanna

Val
    $400 28
Fenway Park

Ben
    $400 10
"Ave Maria"

Ben
    $400 19
cyclone

Ben
    $400 24
Ra

Phil
    $600 8
the Mormons

Val
    $600 16
country

Phil
    $600 26
New Orleans

Ben
    $600 11
the Redskins

Phil
    $600 17
a tornado

Ben
    $600 23
South Africa

Ben
    $800 6
Formica

Phil
    $800 1
Guns N' Roses

Ben
    $1,800 25
Buffalo

Phil
    $800 12
we who are about to die

Val
    $800 20
Hurricane

Phil
    $800 15
corona

Ben
    $1000 7
cuneiform

Phil
    $1000 30
the Eurythmics

Phil
    $1000 29
Maine

Ben
    $1000 13
alma mater

Triple Stumper
    $1000 21
cyclone

Phil
    $1000 22
(Phil: What is Sister Carrie?)

An American Tragedy

Phil
Triple Stumper

Scores at the first commercial break (after clue 15):

Phil Ben Val
$3,000 $2,400 $2,000

Scores at the end of the Jeopardy! Round:

Phil Ben Val
$7,800 $6,200 $2,000

Double Jeopardy! Round responses

THE MONGOLS
TV DADS
ANIMAL PARTS
ALSO ON A BIKE
1920s FICTION BESTSELLERS
BROWNIAN NOTIONS
    $400 1
Genghis Khan

Phil
    $400 24
(Alex: Less than a minute to go now, Ben.)

Alan Harper

Triple Stumper
    $400 21
stomach

Ben
    $400 6
spoke

Phil
    $400 11
(Ben: What is... uh, Ethan Frome?)

Age of Innocence

Ben
Triple Stumper
    $400 17
James Brown

Ben
    $800 4
Beijing

Val
    $800 25
Hannah Montana

Ben
    $800 22
(Alex: They don't have a... [pops himself in the [*], as in the V8 ad] [*].)

forehead

Triple Stumper
    $800 7
tire

Ben
    $800 12
blondes

Val
    $800 18
Jerry Brown

Val
    $2,000 5
(Val: What are the Philippines?)

Japan

Val
    $1200 26
Tom Selleck

Val
    $1200 23
a tail

Triple Stumper
    $1200 8
gear

Ben
    $1200 13
Charleston

Phil
    $1200 19
John Brown

Val
    $1600 2
Bactrian

Phil
    $1600 27
Opie

Ben
    $1600 29
(Alex: [*]? We'll accept that.)

the breast

Ben
    $1600 9
seat

Val
    $2,000 14
the French Foreign Legion

Phil
    $1600 16
Gordon Brown

Ben
    $2000 3
the Golden Horde

Ben
    $2000 28
Randy

Triple Stumper
    $2000 30
barbels

Triple Stumper
    $2000 10
chain

Triple Stumper
    $2000 15
(Val: Who is Louis L'Amour?)

Zane Grey

Val
Triple Stumper
    $2000 20
Tina Brown

Triple Stumper

Scores at the end of the Double Jeopardy! Round:

Phil Ben Val
$13,400 $16,200 $4,400

[wagering suggestions for these scores]

Final Jeopardy! Round responses

HISTORIC AMERICANS
ValWho is John Q Adams?
$4,400
PhilWho was Daniel (Daniel) Webster?
$4,599
BenWho is Daniel Webster?
$10,601
Daniel Webster

Final scores:

Phil Ben Val
$17,999 $26,801 $0
2nd place: $2,000 New champion: $26,801 3rd place: $1,000

Game dynamics:

Coryat scores:

Phil Ben Val
$12,000 $16,200 $6,400
17 R
(including 2 DDs),
1 W
21 R,
1 W
10 R,
2 W
(including 1 DD)

Combined Coryat: $34,600

[game clues] [game scores] [suggest correction]

Game tape date: 2015-04-20
The J! Archive is created by fans, for fans. Scraping, republication, monetization, and malicious use prohibited; this site may use cookies and collect identifying information. See terms. The Jeopardy! game show and all elements thereof, including but not limited to copyright and trademark thereto, are the property of Jeopardy Productions, Inc. and are protected under law. This website is not affiliated with, sponsored by, or operated by Jeopardy Productions, Inc. Join the discussion at JBoard.tv.